| 000 | 00000nam 2200000zi 4500 |
| 001 | 9.932303 |
| 003 | CaOODSP |
| 005 | 20250107144059 |
| 006 | m o d f |
| 007 | cr cn||||||||| |
| 008 | 240110t20242024oncd obs f000 0 eng d |
| 020 | |a9780660695785 |
| 040 | |aCaOODSP|beng|erda|cCaOODSP |
| 043 | |an-cn--- |
| 086 | 1 |aCS89-652/2024-2E-PDF |
| 100 | 1 |aWray, Dana, |eauthor. |
| 245 | 10|a“Sandwiched” between unpaid care for children and care-depending adults : |ba gender-based study / |cby Dana Wray. |
| 264 | 1|a[Ottawa] : |bStatistics Canada = Statistique Canada, |c2024. |
| 264 | 4|c©2024 |
| 300 | |a1 online resource (23 pages) : |bgraphs. |
| 336 | |atext|btxt|2rdacontent |
| 337 | |acomputer|bc|2rdamedia |
| 338 | |aonline resource|bcr|2rdacarrier |
| 490 | 1 |aSpotlight on Canadians: Results from the General Social Survey ; |v2024002 |
| 500 | |aTitle from cover. |
| 500 | |a"Release date: April 2, 2024." |
| 500 | |a"Catalogue no. 89-652-X2024002." |
| 500 | |aIssued also in French under title: « Pris en sandwich » entre la prestation de soins non rémunérés à des enfants et à des adultes dépendants de soins : une analyse comparative entre les genres. |
| 504 | |aIncludes bibliographical references (pages 22-23). |
| 520 | |a"Using data from the 2022 Canadian Social Survey Wave 6 (Well-being and caregiving), this study explores unpaid caregiving in the past 12 months for care-dependent groups (children under 15 years old or adults and youth over 15 years old with a long-term condition or disability). This paper explores: Who are the unpaid caregivers, including "sandwich" caregivers? How much unpaid care is provided and to whom? What are the impacts of this unpaid caregiving on well-being, especially the gendered differences?"--Provided by publisher. |
| 650 | 0|aCaregivers|zCanada|vStatistics. |
| 655 | 7|aStatistics|2lcgft |
| 710 | 2 |aStatistics Canada, |eissuing body. |
| 775 | 08|t« Pris en sandwich » entre la prestation de soins non rémunérés à des enfants et à des adultes dépendants de soins : |w(CaOODSP)9.932304 |
| 830 | #0|aSpotlight on Canadians - results from the General Social Survey ;|v2024002.|w(CaOODSP)9.507668 |
| 856 | 40|qPDF|s586 KB|uhttps://publications.gc.ca/collections/collection_2024/statcan/89-652-x2024002-eng.pdf |
| 856 | 4 |qHTML|sN/A|uhttps://www150.statcan.gc.ca/n1/pub/89-652-x/89-652-x2024002-eng.htm |
| 986 | |a89-652-X |